| 000 | 01824nam a2200433 i 4500 | ||
|---|---|---|---|
| 001 | 30163 | ||
| 003 | KOSZ 005 | ||
| 005 | 20200729114819.0 | ||
| 008 | s1993 pl f |000 0 pol | ||
| 040 |
_cKOSZ 005 _aKOSZ 005 _dKOSZ 005/EG |
||
| 041 | 0 |
_apl _ben |
|
| 080 | _a504 | ||
| 080 | _a574 | ||
| 080 | _a551.4 | ||
| 245 | 0 | 0 |
_aWartości środowiska przyrodniczego i zagadnienia jego ochrony = _bResources of the natural environment and problems of its protection / _cPolska Akademia Nauk - Oddział w Krakowie. Ośrodek Dokumentacji Fizjograficznej ; [red. serii i tomu Antoni S. Kleczkowski. |
| 260 |
_aKraków : _b"Secesja", _c1993. |
||
| 300 |
_a318, [2] s., [3] k. tabl. złoż., [12] s. fot. : _bmapy, rys., wykr. ; _c24 cm. |
||
| 336 |
_2rdacontent _aTekst _btxt |
||
| 337 |
_2rdamedia _aBez urządzenia pośredniczącego _bn |
||
| 338 |
_2rdacarrier _aWolumin _bnc |
||
| 380 | _aKsiążki | ||
| 388 | _a1901-2000 | ||
| 388 | _a1989-2000 | ||
| 490 | 1 |
_aStudia Ośrodka Dokumentacji Fizjograficznej = _aStudies of Documentation Centrefor Physiography, _x0137-2939 ; _vt. 21 |
|
| 504 | _aBibliogr. przy rozdz., streszcz. w jęz. ang. | ||
| 650 | 7 | _aŚrodowisko człowieka | |
| 650 | 7 | _aSzkody górnicze | |
| 650 | 7 | _aGeomorfologia | |
| 650 | 7 | _aSzkody przemysłowe | |
| 650 | 7 | _aRyby słodkowodne | |
| 650 | 7 | _aEkologia | |
| 651 | 7 | _aJura Krakowsko-Częstochowska | |
| 658 | _aOchrona środowiska | ||
| 700 | 1 |
_aKleczkowski, Antoni Stanisław. _eRedakcja |
|
| 710 |
_aWydawnictwo i Drukarnia "Secesja" (Kraków) _4pbl |
||
| 830 | 0 |
_aStudia Ośrodka Dokumentacji Fizjograficznej ; _vt. 21 |
|
| 856 |
_uhttp://koha.tu.koszalin.pl/cgi-bin/koha/opac-detail.pl?biblionumber=30163 _yKatalog online BPK |
||
| 942 |
_cKS _2UKD |
||
| 999 |
_c30163 _d30163 |
||